Statistics for Roman Political and Military Positions

Click here to take the quiz!

General Stats

  • This quiz has been taken 28 times
  • The average score is 8 of 18

Answer Stats

Job descriptionPerson% Correct
Elected co-leader, reigning for one yearCConsul
83%
In times of crisis the co-leaders appoint this absolute rulerDDictator
67%
Member of the assembly which advises the co-leaderSSenator
67%
The second in command; a military leader, similar to a GeneralPPraetor
63%
Chief high priest of RomeP{Pontifex} Maximus
63%
Keeps population and property data and ensures public moralCCensor
58%
Advocate of the plebeians; intervenes unfavourable legislatureTTribune
58%
Chief administrator of a Roman ProvinceGGovernor
54%
In charge of investigating crime; the Roman police officerQQuaestor
54%
Commander of 80 (not 100) soldiersCCenturion
54%
Commander of a legion (4,500 soldiers)LLegate
42%
A heavy infantry soldier; has a square shieldLLegionary
38%
Former magistrate at the current one's disposalP{Pro}magistrate
33%
In charge of maintaining infrastructure and regulating festivalsAAedile
25%
Bodyguard of the co-leaders; carries a fascesLLictor
25%
Archer of the Roman ArmySSagittarius
25%
Official in charge of financial affairsPProcurator
13%
Investigator with unchallengable authority; similar to secret policeCCorrector
4%

Score Distribution

Percentile by Number Answered

Percent of People with Each Score

Your Score History

You have not taken this quiz